000 00483nam a2200145Ia 4500
008 151213s9999 xx 000 0 und d
100 _aআবু আদনান।
245 _aনৎসী নেতা হিটলার
_cআবু আদনান।
260 _aঢাকা
_bখালিদ পাবলিশিং হাউজ।
_c2002
300 _a8786 p.
650 _aBangla
650 _aজীবনী।
700 _aআবু আদনান।
999 _c4571
_d4571